[Event "ROM-ch U10 Girls"]
[Site "Calimanesti"]
[Date "2013.04.04"]
[Round "4"]
[White "Stoiu, Anca Maria"]
[Black "Gollner, Blanka"]
[Result "0-1"]
[WhiteElo "1102"]
[BlackElo "1190"]
[PlyCount "46"]
[EventDate "2013.04.02"]
[EventType "swiss"]
[EventRounds "9"]
[EventCountry "ROU"]
[SourceTitle "CBM 153 Extra"]
[Source "ChessBase"]
[SourceDate "2013.04.22"]
[SourceVersion "1"]
[SourceVersionDate "2013.04.22"]
[SourceQuality "1"]

1. d4 d5 2. c4 e6 3. e3 c5 4. Nf3 Nf6 5. Nc3 Nc6 6. Bd3 Be7 7. 0-0 0-0 8. b3 Qc7 9. dxc5 Bxc5 10. Bb2 Bd7 11. Bc2 Rfe8 12. Na4 Be7 13. cxd5 exd5 14. Qd3 a6 15. Qc3 Rac8 16. e4 dxe4 17. Bxe4 Qf4 18. Bxc6 Bxc6 19. Qd4 Qh6 20. Qa7 Bxf3 21. gxf3 Bd6 22. Rfe1 Qxh2+ 23. Kf1 Qh1# 0-1

[Event "ROM-ch U10 Girls"]
[Site "Calimanesti"]
[Date "2013.04.03"]
[Round "3"]
[White "Cristescu, Andreea Ioana"]
[Black "Stoiu, Anca Maria"]
[Result "0-1"]
[WhiteElo "1001"]
[BlackElo "1102"]
[PlyCount "114"]
[EventDate "2013.04.02"]
[EventType "swiss"]
[EventRounds "9"]
[EventCountry "ROU"]
[SourceTitle "CBM 153 Extra"]
[Source "ChessBase"]
[SourceDate "2013.04.22"]
[SourceVersion "1"]
[SourceVersionDate "2013.04.22"]
[SourceQuality "1"]

1. e4 c5 2. Nc3 Nc6 3. Nf3 b6 4. d3 Bb7 5. Bf4 e6 6. Nb5 Rc8 7. Nd6+ Bxd6 8. Bxd6 a6 9. Be2 Na7 10. 0-0 Nb5 11. Bg3 Nf6 12. Qd2 0-0 13. e5 Nd5 14. c3 Nbc7 15. d4 cxd4 16. cxd4 Re8 17. Bh4 f6 18. exf6 Nxf6 19. Qd3 Be4 20. Bxf6 Bxd3 21. Bxd8 Bxe2 22. Rfe1 Bxf3 23. Bxc7 Rxc7 24. gxf3 Rc2 25. b3 Rec8 26. h3 Rd2 27. Rf1 Rcc2 28. Kg2 Rxa2 29. Rxa2 Rxa2 30. Rc1 Rb2 31. Rc8+ Kf7 32. Rc3 Kf6 33. Rc7 Rxb3 34. Rxd7 a5 35. d5 exd5 36. Rxd5 b5 37. Rd6+ Ke7 38. Rd5 g6 39. h4 a4 40. Rd1 b4 41. Re1+ Kf6 42. h5 gxh5 43. f4 a3 44. Re2 Rc3 45. Rd2 b3 46. Rd6+ Ke7 47. Ra6 a2 48. Ra7+ Kd6 49. f5 b2 50. Rxa2 b1Q 51. Ra6+ Rc6 52. Ra8 Rc7 53. Ra4 Qxf5 54. Rd4+ Ke7 55. Rd2 Ke8 56. Kf1 Qf3 57. Rb2 Rc1# 0-1